Extreme speech y libertad de expresin̤ Anl̀isis de la jurisprudencia Constitucional de la Corte Suprema Estadounidense /

Detalles Bibliográficos
Autor principal: Herrera, David Martn̕
Formato: eBook
Lenguaje:español
Publicado: Madrid: Dykinson, 2018
Materias:
Acceso en línea:Acceso restringido

MARC

LEADER 00000nam a22000007a 4500
005 20181103002210.0
007 cr|||| |||
008 181103s2018 es |||||s|||| 00||0 spa d
020 |a 978-84-9148-724-1 
035 |a 22331 
040 |a vLex 
090 |c 8284  |d 8284 
100 1 |a Herrera, David Martn̕ 
245 1 0 |a Extreme speech y libertad de expresin̤  |h [Recurso electrn̤ico] :  |b Anl̀isis de la jurisprudencia Constitucional de la Corte Suprema Estadounidense /  |c David Martn̕ Herrera 
256 |a Servicio en ln̕ea 
260 |a Madrid:  |b Dykinson,  |c 2018 
300 |a 1 recurso electrn̤ico 
500 |a El presente estudio llega en un momento en el que el ejercicio extralimitado de la libertad de expresin̤ se ha convertido en una amenaza global, real e inminente, de destruccin̤ en masa. La efectividad y necesidad del ejercicio de la informacin̤ nos muestra, como hasta ahora no haba̕mos visto, los peligros que entraąn las expresiones de odio cuando estas provienen de las fuentes de poder. En este sentido, se est ̀experimentando una discriminada persecucin̤ penal de determinados tipos de mensajes, en su mayora̕ con alto contenido polt̕ico, pero sin capacidad real e inminente de incitar a la violencia o al borroso terror. 
506 1 |a Disponible solo en los productos indicados  |d vLex Global  |d vLex Global (Academic Edition, excluding Law Schools)  |d vLex Global (U.S. Academic Edition, Law Schools)  |d vLex Global (U.S. Academic Edition, excluding Law Schools)  |d vLex Global (Academic Edition, Law Schools) 
650 0 4 |a Derecho Constitucional  |z Espaą 
650 0 4 |a Derecho Internacional  |z Espaą 
740 0 |a vLex Libros (Servicio en ln̕ea) 
856 4 0 |u http://vlex.com/source/extreme-speech-y-libertad-de-expresion-analisis-de-la-jurisprudencia-constitucional-de-la-corte-suprema-estadounidense-22331  |z Acceso restringido 
942 |c BOOK 
999 0 |a Constitutional Law 
999 0 |a International Law